| 000 | 00835nam a2200229Ia 4500 | ||
|---|---|---|---|
| 005 | 20211110134249.0 | ||
| 008 | 130821s2004 sp gr spa | ||
| 020 | _a8478710515 | ||
| 040 |
_aCo-BoUCM _bspa _cNuevo _dNuevo |
||
| 041 | 0 | 0 | _aspa |
| 100 | 1 |
_aReinhart, Tanya. _942948 |
|
| 245 | 1 | 0 |
_aIsrael-Palestina cómo acabar con el conflicto _cTanya Reinhart; traducción de Catalina Martínez |
| 260 |
_aBarcelona (España) _bRBA _c2004 |
||
| 300 | _a269 páginas | ||
| 650 | 0 | 4 |
_aConflictos fronterizos arabe-israelies _911584 |
| 650 | 0 | 4 |
_aRelaciones arabe-israelies _y1967-1973 _923434 |
| 690 |
_aRelaciones internacionales _98042 |
||
| 700 | 1 |
_aMartinez, Catalina. _942949 |
|
| 765 |
_aIsrael/Palestina _bhow to end the War of 1948. |
||
| 942 |
_cLIBRO _a21 _e1 _mR371i _2DEWEY _h956.94 |
||
| 999 |
_c44424 _d44424 |
||